Червоний без лінії фронту (Запис № 17575)

000 -Маркер запису
Контрольне поле сталої довжини 02014nam a22002537a 4500
003 - Належність контрольного номера
Контрольне поле Uzh_bibl
008 - Кодовані дані
Контрольне поле сталої довжини 260430b |||||||| |||| 00| 0 ukr d
020 ## - Індекс ISBN
ISBN 978-617-12-5401-5
Ціна 90.00
040 ## - Джерело каталогіз.
Код мови каталог. укр.
041 ## - Код мови видання
Код мови оригіналу українська
Код мови тексту українська
080 ## - Індекс УДК
Індекс УДК 821(477)
090 ## - Шифри
Поличний індекс 821(477)
Авторський знак К 59
100 ## - Автор
Автор Кокотюха, Андрій
245 ## - Назва
Назва Червоний без лінії фронту
Відповідальність перед.В.Кіпіані.
Фізичний носій Текст
260 ## - Вихідні дані
Місце видання Харків
Видавництво Книжковий Клуб "Клуб Сімейного Дозвілля"
Дата видання 2019
300 ## - Фізичний опис
Обсяг 320 с.
Ілл./тип відтвор. кол. вкл.
Тип одиниці В опр.
520 ## - Анотація
Анотація Кінороман «Червоний. Без лінії фронту» — довгоочікуване продовження «Червоного», книжки, яка ще до успішної екранізації набула в Україні культового статусу!<br/><br/>Це неймовірна історія! Повстанський командир Данило Червоний не пропав безвісти після зухвалої втечі з табору смерті. Вояк УПА вижив і переміг у нелюдських умовах вічної воркутинської мерзлоти. Щоб зрозуміти, як це йому вдалося, ми маємо повернутися на десять років назад і побачити Червоного юним ліцеїстом, який лише починає боротьбу за свободу. Його шлях по-своєму бачать та оцінюють друг юності Мирон, повстанка Марія, радянський диверсант і донька «ворога народу».
521 ## - Примітка про цільове призначення
Примітка про цільове призначення 16+
546 ## - Примітка про мову
Примітка про мову укр.
650 ## - Тематичні рубрики
Основна рубрика Літературно-художнє видання
653 ## - Ключові слова
Ключові слова УПА
-- Табір смерті
655 ## - Термін індексування — жанр/форма
Жанр/форма Історична проза
Типове ділення Роман
942 ## - ADDED ENTRY ELEMENTS (KOHA)
Джерело класифікації чи схема поличного розташування
Koha item type Книги
Фонди
Статус вилучення Статус втрати/відсутності Джерело класифікації чи схема поличного розташування Статус пошкодження Тип обігу (не для випозичання) Постійне розташування Поточне розташування Розташування у відділі Дата надходження Інвентарний номер Total Checkouts Повний (примірниковий) шифр зберігання Штрих-код Date last seen Дата, для якої чинна ціна заміни Тип одиниці (рівень примірника)
          Бібліотека-філія №3 Бібліотека-філія №3 Абонемент старший відділ 30/04/2026 71827   821(477) 4152 30/04/2026 30/04/2026 Книги

Працює на АБІС Коха